[Event "Winnipeg TNT August op"]
[Site "Winnipeg CAN"]
[Date "2012.08.14"]
[Round "2"]
[White "Pottinger, Carl"]
[Black "Campbell, Jamie"]
[Result "1/2-1/2"]
[WhiteElo "1838"]
[BlackElo "1589"]
[PlyCount "124"]
[GameId "2160767909441568"]
[EventDate "2012.08.07"]
[EventType "swiss"]
[EventRounds "4"]
[EventCountry "CAN"]
[SourceTitle "EXT 2022"]
[Source "ChessBase"]
[SourceDate "2021.10.06"]
[SourceVersion "1"]
[SourceVersionDate "2021.10.06"]
[SourceQuality "1"]

1. c4 c5 2. g3 g6 3. Bg2 Bg7 4. Nc3 Nc6 5. e4 e6 6. Nge2 Nge7 7. O-O O-O 8. d3 d6 9. Be3 Bd7 10. Qd2 Rb8 11. Rad1 Nd4 12. Bxd4 cxd4 13. Nb5 Qb6 14. a4 a6 15. a5 Qc6 16. Nbxd4 Qc7 17. b4 b6 18. Rb1 bxa5 19. bxa5 e5 20. Nc2 Ba4 21. Ne3 Rxb1 22. Rxb1 Rb8 23. Rb4 Rxb4 24. Qxb4 Bd7 25. Nc3 Nc6 26. Qb6 Qxb6 27. axb6 Bc8 28. Bf3 f5 29. exf5 Bb7 30. fxg6 hxg6 31. Ned5 Kf8 32. Nc7 Ke7 33. Nxa6 e4 34. Nd5+ Kd8 35. Nac7 exf3 36. Ne6+ Kc8 37. Nxg7 Ne5 38. Nf4 g5 39. Ng6 g4 40. Nf5 Kd7 41. Nf4 Kc6 42. Nd5 Nxd3 43. Nfe3 Ne5 44. Nf6 Bc8 45. Nfd5 Kc5 46. Ne7 Bb7 47. h4 gxh3 48. Kh2 Kxb6 49. Kxh3 Kc7 50. N7d5+ Kd7 51. g4 Ke8 52. Kg3 Kf7 53. Kf4 Ba6 54. Nc3 Nxc4 55. Nxc4 Bxc4 56. Kxf3 Kg6 57. Kf4 d5 58. f3 d4 59. Ne4 d3 60. Ke3 Ba6 61. Nc5 Bc8 62. Nxd3 Kg5 1/2-1/2

[Event "Winnipeg TNT August op"]
[Site "Winnipeg CAN"]
[Date "2012.08.14"]
[Round "2"]
[White "Reimer, Bruce"]
[Black "Towns, Barry"]
[Result "1-0"]
[WhiteElo "1593"]
[BlackElo "1693"]
[PlyCount "73"]
[GameId "2160767909441569"]
[EventDate "2012.08.07"]
[EventType "swiss"]
[EventRounds "4"]
[EventCountry "CAN"]
[SourceTitle "EXT 2022"]
[Source "ChessBase"]
[SourceDate "2021.10.06"]
[SourceVersion "1"]
[SourceVersionDate "2021.10.06"]
[SourceQuality "1"]

1. c4 Nf6 2. Nc3 e6 3. g3 d5 4. cxd5 Nxd5 5. Bg2 c6 6. e4 Nxc3 7. bxc3 e5 8. d4 exd4 9. cxd4 Bb4+ 10. Bd2 Qxd4 11. Bxb4 Qxb4+ 12. Qd2 Na6 13. Ne2 Qxd2+ 14. Kxd2 O-O 15. Rab1 Rd8+ 16. Ke3 c5 17. e5 Rb8 18. a3 b6 19. Rhc1 Bf5 20. Rb2 g5 21. Nc3 Re8 22. f4 gxf4+ 23. gxf4 Rbd8 24. Nd5 Rd6 25. Rg1 Rg6 26. Kf2 Kh8 27. Ne3 Bc8 28. Nd5 Nb8 29. Rd2 Rd8 30. Rgd1 Bb7 31. Be4 Rg7 32. Ke3 Ba8 33. Nf6 Rxd2 34. Rxd2 Rg1 35. Bxa8 Na6 36. Rd8+ Kg7 37. Rg8+ 1-0

[Event "Winnipeg TNT August op"]
[Site "Winnipeg CAN"]
[Date "2012.08.14"]
[Round "2"]
[White "Samson, Larry"]
[Black "Pang, Michael"]
[Result "0-1"]
[WhiteElo "1678"]
[BlackElo "1835"]
[PlyCount "74"]
[GameId "2160767909441570"]
[EventDate "2012.08.07"]
[EventType "swiss"]
[EventRounds "4"]
[EventCountry "CAN"]
[SourceTitle "EXT 2022"]
[Source "ChessBase"]
[SourceDate "2021.10.06"]
[SourceVersion "1"]
[SourceVersionDate "2021.10.06"]
[SourceQuality "1"]

1. e4 c5 2. Nf3 d6 3. d4 cxd4 4. Nxd4 Nf6 5. Nc3 a6 6. Be2 e6 7. O-O Be7 8. Qd3 Nbd7 9. Qg3 O-O 10. Kh1 Qc7 11. a4 Nc5 12. f3 b6 13. Be3 Bb7 14. Nb3 Rac8 15. Nxc5 bxc5 16. a5 Bc6 17. Bd3 Rb8 18. b3 Bb5 19. Nxb5 axb5 20. Be2 Ne8 21. Qe1 Bf6 22. Ra2 d5 23. exd5 exd5 24. Bd2 Qd6 25. f4 Nc7 26. Rf3 Ne6 27. c3 Rfe8 28. Qf1 c4 29. b4 d4 30. f5 Nc7 31. Bf4 Qc6 32. Bxc7 Qxc7 33. cxd4 Bxd4 34. Qd1 Rbd8 35. Qc2 Re5 36. Rf1 Rde8 37. Bf3 Re1 0-1

[Event "Winnipeg TNT August op"]
[Site "Winnipeg CAN"]
[Date "2012.08.14"]
[Round "2"]
[White "Swift, Ryne"]
[Black "Iomdina, Alexander"]
[Result "1-0"]
[WhiteElo "1924"]
[BlackElo "1471"]
[PlyCount "53"]
[GameId "2160767909441571"]
[EventDate "2012.08.07"]
[EventType "swiss"]
[EventRounds "4"]
[EventCountry "CAN"]
[SourceTitle "EXT 2022"]
[Source "ChessBase"]
[SourceDate "2021.10.06"]
[SourceVersion "1"]
[SourceVersionDate "2021.10.06"]
[SourceQuality "1"]

1. d4 Nf6 2. Nf3 e6 3. e3 c5 4. Bd3 Nc6 5. O-O d5 6. dxc5 Bxc5 7. h3 O-O 8. Nbd2 Qe7 9. Re1 a6 10. e4 Qc7 11. Nb3 Ba7 12. c3 b5 13. e5 Nd7 14. Bxh7+ Kh8 15. Bc2 Ncxe5 16. Nxe5 Kg8 17. Qh5 Nf6 18. Qe2 Bd7 19. Bf4 Qc8 20. Bg5 Ne4 21. Bxe4 dxe4 22. Be3 Bb8 23. Bd4 Qc7 24. g3 Bc8 25. Qxe4 Bb7 26. Qg4 Qd6 27. Nc4 1-0

[Event "Winnipeg TNT August op"]
[Site "Winnipeg CAN"]
[Date "2012.08.14"]
[Round "2"]
[White "Wolchock, Theo"]
[Black "Leaden, Bruce"]
[Result "1-0"]
[WhiteElo "1708"]
[BlackElo "1535"]
[PlyCount "93"]
[GameId "2160767909441572"]
[EventDate "2012.08.07"]
[EventType "swiss"]
[EventRounds "4"]
[EventCountry "CAN"]
[SourceTitle "EXT 2022"]
[Source "ChessBase"]
[SourceDate "2021.10.06"]
[SourceVersion "1"]
[SourceVersionDate "2021.10.06"]
[SourceQuality "1"]

1. c4 c5 2. g3 g6 3. Bg2 Bg7 4. Nc3 e6 5. e3 Ne7 6. Nge2 Nbc6 7. O-O O-O 8. d4 cxd4 9. exd4 Rb8 10. Bg5 f6 11. Bf4 e5 12. dxe5 fxe5 13. Bg5 d6 14. Nd5 Be6 15. Nxe7+ Nxe7 16. b3 Qd7 17. Bxe7 Qxe7 18. Bd5 Bxd5 19. Qxd5+ Kh8 20. Rad1 Rbd8 21. Nc3 Rf7 22. Ne4 Bf8 23. c5 Qd7 24. cxd6 Kg7 25. Qxe5+ Kg8 26. Nf6+ Rxf6 27. Qxf6 Bg7 28. Qe7 Bf8 29. Qxd7 Rxd7 30. Rd2 Rxd6 31. Rxd6 Bxd6 32. Rd1 Bc5 33. Rd7 b5 34. Rd5 Bb6 35. Rxb5 Kf7 36. Kf1 Ke6 37. Ke2 Kd6 38. f3 h6 39. Kd3 g5 40. Ke4 Ke6 41. f4 g4 42. f5+ Kf6 43. Kf4 h5 44. Rd5 Bg1 45. Rd6+ Ke7 46. Rd1 Bb6 47. Kg5 1-0

[Event "Winnipeg TNT August op"]
[Site "Winnipeg CAN"]
[Date "2012.08.21"]
[Round "3"]
[White "Baron, Cody"]
[Black "Wolchock, Theo"]
[Result "1-0"]
[WhiteElo "1539"]
[BlackElo "1708"]
[PlyCount "65"]
[GameId "2160767909441573"]
[EventDate "2012.08.07"]
[EventType "swiss"]
[EventRounds "4"]
[EventCountry "CAN"]
[SourceTitle "EXT 2022"]
[Source "ChessBase"]
[SourceDate "2021.10.06"]
[SourceVersion "1"]
[SourceVersionDate "2021.10.06"]
[SourceQuality "1"]

1. Nf3 e6 2. d4 Nf6 3. b3 d5 4. Bb2 Bd6 5. Nbd2 Bd7 6. e3 Nc6 7. a3 O-O 8. Bd3 Re8 9. c4 a6 10. O-O Na7 11. c5 Bf8 12. a4 g6 13. Ne5 Nc6 14. f4 Bg7 15. Ndf3 Rf8 16. Nxc6 Bxc6 17. Ne5 Be8 18. c6 Bxc6 19. Rc1 Bd7 20. Qc2 c6 21. Ba3 Re8 22. Rf3 Bc8 23. Rh3 Nd7 24. Qf2 Nf8 25. Ng4 Bd7 26. Qg3 e5 27. fxe5 h5 28. Rxh5 Bxg4 29. Qxg4 gxh5 30. Qxh5 Ng6 31. Rf1 Qd7 32. Rxf7 Re7 33. Bxg6 1-0

[Event "Winnipeg TNT August op"]
[Site "Winnipeg CAN"]
[Date "2012.08.21"]
[Round "3"]
[White "Boron, Anthony"]
[Black "Bince, Rolando"]
[Result "1/2-1/2"]
[WhiteElo "2039"]
[BlackElo "2052"]
[PlyCount "132"]
[GameId "2160767909441574"]
[EventDate "2012.08.07"]
[EventType "swiss"]
[EventRounds "4"]
[EventCountry "CAN"]
[SourceTitle "EXT 2022"]
[Source "ChessBase"]
[SourceDate "2021.10.06"]
[SourceVersion "1"]
[SourceVersionDate "2021.10.06"]
[SourceQuality "1"]

1. e4 c5 2. c3 e6 3. d4 d5 4. exd5 exd5 5. Nf3 Nc6 6. Be2 Bd6 7. O-O Nf6 8. Bg5 O-O 9. dxc5 Bxc5 10. Bxf6 gxf6 11. Nbd2 Qd6 12. b4 Bb6 13. Nc4 Qd8 14. Nxb6 axb6 15. Nd4 f5 16. Qd2 Qf6 17. Nf3 Be6 18. Rfc1 Ra3 19. Qe3 d4 20. Nxd4 Nxd4 21. Qxd4 Qxd4 22. cxd4 Rd8 23. Bc4 Rxd4 24. Bxe6 fxe6 25. Rc8+ Kg7 26. Rc7+ Kg6 27. Re1 e5 28. g3 e4 29. Rxb7 Rxb4 30. Rc1 Kf6 31. Rc6+ Ke5 32. Rbxb6 Rxb6 33. Rxb6 Rxa2 34. Rb7 h6 35. Rb6 h5 36. Rh6 e3 37. fxe3 Ke4 38. Rxh5 Ra1+ 39. Kg2 Ra2+ 40. Kh3 Rf2 41. Rh8 Kxe3 42. Re8+ Kd4 43. Re7 Kd5 44. Re8 Kd6 45. Ra8 Ke6 46. Ra5 Kf6 47. Ra4 Kg5 48. Rb4 Rc2 49. Rf4 Rb2 50. Rf3 Rc2 51. Rf1 Rb2 52. Rg1 Rb8 53. Rf1 Rb2 54. Rc1 Rd2 55. Rc8 Rb2 56. Rg8+ Kh5 57. Rd8 Kg5 58. Rd5 Rc2 59. Rd1 Rb2 60. Rg1 Rb8 61. Kg2 Rb2+ 62. Kh3 Rb8 63. Rf1 Rb2 64. Rf3 Rc2 65. Rb3 Rd2 66. Rb8 Rc2 1/2-1/2

[Event "Winnipeg TNT August op"]
[Site "Winnipeg CAN"]
[Date "2012.08.21"]
[Round "3"]
[White "Kernetsky, Myron"]
[Black "Kaptsan, Aron"]
[Result "1/2-1/2"]
[WhiteElo "2042"]
[BlackElo "2050"]
[PlyCount "54"]
[GameId "2160767909441575"]
[EventDate "2012.08.07"]
[EventType "swiss"]
[EventRounds "4"]
[EventCountry "CAN"]
[SourceTitle "EXT 2022"]
[Source "ChessBase"]
[SourceDate "2021.10.06"]
[SourceVersion "1"]
[SourceVersionDate "2021.10.06"]
[SourceQuality "1"]

1. d4 Nf6 2. c4 g6 3. Nc3 Bg7 4. e4 d6 5. Nf3 O-O 6. h3 Nbd7 7. Be3 e5 8. Be2 exd4 9. Bxd4 Re8 10. Qc2 Qe7 11. Bd3 Nc5 12. Bxc5 dxc5 13. O-O-O c6 14. Rhe1 Nd7 15. Kb1 Ne5 16. Nxe5 Qxe5 17. Ne2 Be6 18. f4 Qc7 19. f5 Bd7 20. Rf1 Be5 21. h4 b5 22. h5 g5 23. Nc3 Reb8 24. cxb5 cxb5 25. Nd5 Qd6 26. f6 Kf8 27. h6 Be6 1/2-1/2

[Event "Winnipeg TNT August op"]
[Site "Winnipeg CAN"]
[Date "2012.08.21"]
[Round "3"]
[White "Mundwiler, Les"]
[Black "Swift, Ryne"]
[Result "1/2-1/2"]
[WhiteElo "2045"]
[BlackElo "1924"]
[PlyCount "73"]
[GameId "2160767909441576"]
[EventDate "2012.08.07"]
[EventType "swiss"]
[EventRounds "4"]
[EventCountry "CAN"]
[SourceTitle "EXT 2022"]
[Source "ChessBase"]
[SourceDate "2021.10.06"]
[SourceVersion "1"]
[SourceVersionDate "2021.10.06"]
[SourceQuality "1"]

1. Nf3 Nf6 2. d3 d5 3. Nbd2 e6 4. c3 Be7 5. e4 O-O 6. Be2 dxe4 7. dxe4 c5 8. b3 Nc6 9. h3 Qc7 10. Qc2 b6 11. O-O Bb7 12. Nh2 Rad8 13. Ng4 Nxg4 14. hxg4 e5 15. Nc4 Rd7 16. Ne3 Bd8 17. Rd1 Rxd1+ 18. Qxd1 Ne7 19. Nd5 Nxd5 20. exd5 Qd6 21. c4 Bf6 22. Be3 Rd8 23. Rb1 a5 24. a4 Re8 25. Qd2 Kf8 26. g3 Bc8 27. Kg2 Bd7 28. Rh1 Kg8 29. Qc2 e4 30. Qd2 Be5 31. Bf4 Qg6 32. Bxe5 Rxe5 33. Qf4 Qg5 34. Rh5 Qxf4 35. gxf4 Rxh5 36. gxh5 f5 37. Kh3 1/2-1/2

[Event "Winnipeg TNT August op"]
[Site "Winnipeg CAN"]
[Date "2012.08.21"]
[Round "3"]
[White "Oberton, Daniel"]
[Black "Czarny, Keith"]
[Result "1-0"]
[WhiteElo "1979"]
[BlackElo "1676"]
[PlyCount "81"]
[GameId "2160767909441577"]
[EventDate "2012.08.07"]
[EventType "swiss"]
[EventRounds "4"]
[EventCountry "CAN"]
[SourceTitle "EXT 2022"]
[Source "ChessBase"]
[SourceDate "2021.10.06"]
[SourceVersion "1"]
[SourceVersionDate "2021.10.06"]
[SourceQuality "1"]

1. e4 e6 2. d4 d5 3. exd5 exd5 4. c4 Nf6 5. Nc3 c6 6. Bd3 dxc4 7. Bxc4 b5 8. Bb3 Qe7+ 9. Nge2 Ba6 10. a3 g6 11. O-O Bg7 12. Re1 O-O 13. Bg5 Qd6 14. Bf4 Qd7 15. Be5 Bb7 16. Nf4 a5 17. Nd3 Na6 18. Qc2 Qf5 19. Ne2 a4 20. Ba2 c5 21. Ng3 Qc8 22. dxc5 Qc6 23. f3 Nd5 24. Bxg7 Kxg7 25. Ne4 f5 26. Nd6 Rf6 27. Bxd5 Qxd5 28. Ne8+ Rxe8 29. Rxe8 Bc6 30. Re7+ Rf7 31. Qc3+ Kg8 32. Rae1 b4 33. Nxb4 Nxb4 34. Qxb4 Rf8 35. Qc3 Rf7 36. Rxf7 Kxf7 37. Qe5 Qd2 38. Qe7+ Kg8 39. Qe6+ Kf8 40. Qd6+ Kg7 41. Qxd2 1-0

[Event "Winnipeg TNT August op"]
[Site "Winnipeg CAN"]
[Date "2012.08.21"]
[Round "3"]
[White "Pang, Michael"]
[Black "Campbell, Jamie"]
[Result "1-0"]
[WhiteElo "1835"]
[BlackElo "1589"]
[PlyCount "71"]
[GameId "2160767909441578"]
[EventDate "2012.08.07"]
[EventType "swiss"]
[EventRounds "4"]
[EventCountry "CAN"]
[SourceTitle "EXT 2022"]
[Source "ChessBase"]
[SourceDate "2021.10.06"]
[SourceVersion "1"]
[SourceVersionDate "2021.10.06"]
[SourceQuality "1"]

1. e4 Nc6 2. Nf3 d6 3. d4 Nf6 4. Nc3 e5 5. d5 Nb8 6. Bg5 Be7 7. Bd3 O-O 8. Qd2 c6 9. O-O-O cxd5 10. exd5 Bg4 11. h4 Nbd7 12. Rde1 Bxf3 13. gxf3 h5 14. Rhg1 g6 15. Bh6 Kh7 16. Bxf8 Bxf8 17. Kb1 Bh6 18. Qe2 Rc8 19. Be4 Qb6 20. Qd3 Nxe4 21. fxe4 Nf6 22. Qf3 Kg7 23. Nd1 Qc5 24. c3 Ng4 25. Ne3 Bxe3 26. fxe3 Qc7 27. Ref1 Qe7 28. Rg2 Nh6 29. Qxh5 Rh8 30. Qg5 Qxg5 31. hxg5 Ng8 32. Rgf2 Rh3 33. Rxf7+ Kh8 34. Rxb7 Rh5 35. Rxa7 Rxg5 36. Rf8 1-0

[Event "Winnipeg TNT August op"]
[Site "Winnipeg CAN"]
[Date "2012.08.21"]
[Round "3"]
[White "Reimer, Bruce"]
[Black "Pottinger, Carl"]
[Result "0-1"]
[WhiteElo "1593"]
[BlackElo "1838"]
[PlyCount "76"]
[GameId "2160767909441579"]
[EventDate "2012.08.07"]
[EventType "swiss"]
[EventRounds "4"]
[EventCountry "CAN"]
[SourceTitle "EXT 2022"]
[Source "ChessBase"]
[SourceDate "2021.10.06"]
[SourceVersion "1"]
[SourceVersionDate "2021.10.06"]
[SourceQuality "1"]

1. c4 c5 2. Nc3 g6 3. g3 Bg7 4. Bg2 Nf6 5. e3 Nc6 6. Nge2 O-O 7. O-O d6 8. a3 a6 9. Rb1 Be6 10. d3 Rb8 11. Bd2 Ne5 12. Nf4 Bg4 13. f3 Bd7 14. Be1 b5 15. cxb5 axb5 16. b4 g5 17. Nfe2 c4 18. d4 Nd3 19. Nc1 Nxe1 20. Qxe1 Qb6 21. f4 gxf4 22. gxf4 Kh8 23. h3 Rg8 24. Qh4 e5 25. Kh2 exd4 26. Nd5 Nxd5 27. Bxd5 Be6 28. Be4 f5 29. Bf3 dxe3 30. Ne2 d5 31. Rg1 Qd8 32. Rg5 Bf6 33. Rxg8+ Kxg8 34. Rg1+ Kh8 35. Qe1 d4 36. Bh5 d3 37. Nc3 Qd4 38. Nb1 Qxf4+ 0-1

[Event "Winnipeg TNT August op"]
[Site "Winnipeg CAN"]
[Date "2012.08.21"]
[Round "3"]
[White "Towns, Barry"]
[Black "Leaden, Bruce"]
[Result "1-0"]
[WhiteElo "1690"]
[BlackElo "1535"]
[PlyCount "41"]
[GameId "2160767740940994"]
[EventDate "2012.08.07"]
[EventType "swiss"]
[EventRounds "4"]
[EventCountry "CAN"]

1. e4 c5 2. Nf3 g6 3. Be2 {3.Bc4 to hit f7 is better.} Nc6 4. O-O Bg7 5. Nc3 d6 {...Nf6. I played ..d6 fearing the e-pawn push. If White wastes a move playing 6.e5. retreating the horse followed by f6 is a work around.} 6. d3 {Wastes a tempo especially in light of White's next move.} Nf6 7. d4 O-O {Wrong. 7. ...cxd4 8.Nxd4 Nxd4 9.Qxd4 0-0 and game seems even.} 8. d5 Ne5 9. Nxe5 dxe5 10. f4 Ne8 11. f5 Nd6 12. g4 f6 13. Rf3 c4 14. Rh3 b5 15. Qf1 b4 16. Rxh7 Kxh7 17. Qh3+ Kg8 18. fxg6 Rf7 19. Qh7+ Kf8 20. Bh6 Ne8 21. Qh8# 1-0

[Event "Winnipeg TNT August op"]
[Site "Winnipeg CAN"]
[Date "2012.08.21"]
[Round "3"]
[White "Wasserman, Arie"]
[Black "Iomdina, Alexander"]
[Result "1-0"]
[WhiteElo "1723"]
[BlackElo "1471"]
[PlyCount "121"]
[GameId "2160767909441580"]
[EventDate "2012.08.07"]
[EventType "swiss"]
[EventRounds "4"]
[EventCountry "CAN"]
[SourceTitle "EXT 2022"]
[Source "ChessBase"]
[SourceDate "2021.10.06"]
[SourceVersion "1"]
[SourceVersionDate "2021.10.06"]
[SourceQuality "1"]

1. e4 c5 2. Nf3 d6 3. h3 Nc6 4. Bc4 a6 5. a3 e6 6. Nc3 Nf6 7. d3 Be7 8. Bf4 O-O 9. e5 Nh5 10. Bh2 Nd4 11. Nxd4 cxd4 12. exd6 Bxd6 13. Bxd6 Qxd6 14. Ne4 Qe5 15. O-O b5 16. Ba2 Bb7 17. Re1 Kh8 18. Ng3 Qg5 19. Qxh5 Qe7 20. Ne4 Qd7 21. Nc5 Qc6 22. Nxb7 Qxb7 23. Re4 h6 24. Rxd4 Rac8 25. Bb3 a5 26. a4 Rc5 27. Qxc5 Kh7 28. Qxb5 Qc7 29. Rd7 Qf4 30. Qxa5 Qh4 31. Qc3 Kg8 32. Bxe6 Qg5 33. Bb3 Qf5 34. Re1 Qxd7 35. Qc5 Rc8 36. Qb5 Qxb5 37. axb5 Rb8 38. Re7 Rxb5 39. Bxf7+ Kf8 40. Bc4 Rxb2 41. Re2 g5 42. d4 Rb4 43. Bd3 Rxd4 44. g4 Kg7 45. Kg2 Kf6 46. Re4 Rd5 47. f4 gxf4 48. Rxf4+ Kg5 49. Rf5+ Rxf5 50. Bxf5 h5 51. c4 hxg4 52. hxg4 Kh6 53. c5 Kg7 54. c6 Kh6 55. c7 Kg7 56. c8=Q Kh6 57. Qe6+ Kg5 58. Qe3+ Kf6 59. Kg3 Kg7 60. Qe7+ Kh8 61. Qh7# 1-0

[Event "Winnipeg TNT August op"]
[Site "Winnipeg CAN"]
[Date "2012.08.21"]
[Round "3"]
[White "Wasserman, Leor"]
[Black "Magnusson, Saul"]
[Result "0-1"]
[WhiteElo "2031"]
[BlackElo "1801"]
[PlyCount "154"]
[GameId "2160767909441581"]
[EventDate "2012.08.07"]
[EventType "swiss"]
[EventRounds "4"]
[EventCountry "CAN"]
[SourceTitle "EXT 2022"]
[Source "ChessBase"]
[SourceDate "2021.10.06"]
[SourceVersion "1"]
[SourceVersionDate "2021.10.06"]
[SourceQuality "1"]

1. e4 e6 2. d4 d5 3. exd5 exd5 4. c4 Nf6 5. Nc3 Be7 6. Bd3 O-O 7. Nge2 c6 8. O-O dxc4 9. Bxc4 Nbd7 10. Re1 Nb6 11. Bb3 Nbd5 12. Nf4 Nxf4 13. Bxf4 Bb4 14. a3 Ba5 15. Bg5 Qd6 16. Qd3 Bg4 17. Bc2 g6 18. Re5 Bc7 19. Ne4 Nxe4 20. Be7 Nxf2 21. Qe3 Qd7 22. Bf6 Bxe5 23. dxe5 Nh3+ 24. Kf1 c5 25. gxh3 Bxh3+ 26. Kf2 Qd4 27. Qxd4 cxd4 28. Rg1 Rac8 29. Bb3 Rc7 30. Rg3 Be6 31. Bd1 Rfc8 32. h4 Rc1 33. Rd3 R8c7 34. Ba4 R7c4 35. Bb3 Rc7 36. Ba4 R1c4 37. Bb3 Rc1 38. Ba4 Rc8 39. Rxd4 R1c4 40. Rxc4 Rxc4 41. Bd1 h5 42. Ke3 Bf5 43. Bb3 Rg4 44. Bd5 b5 45. Bf3 Rc4 46. Bd1 Kf8 47. Be2 Re4+ 48. Kf2 Bd7 49. Bf3 Rc4 50. Bd5 Rc2+ 51. Ke3 Be6 52. Bxe6 fxe6 53. b4 Rc3+ 54. Kf4 Rxa3 55. Kg5 Kf7 56. Bd8 Rg3+ 57. Kh6 Rg4 58. Ba5 Rxh4 59. Kg5 Rg4+ 60. Kh6 Re4 61. Kh7 Rxe5 62. Bc7 Rd5 63. Kh6 Rd4 64. Ba5 e5 65. Kg5 Rg4+ 66. Kh6 e4 67. Bc7 e3 68. Kh7 e2 69. Be5 e1=Q 70. Bb2 Rc4 71. Kh6 Qe3+ 72. Kh7 Rc7 73. Bg7 Ke6 74. Kg8 Rxg7+ 75. Kh8 Rb7 76. Kg8 Kf6 77. Kh8 Qe8# 0-1

[Event "Winnipeg TNT August op"]
[Site "Winnipeg CAN"]
[Date "2012.08.28"]
[Round "4"]
[White "Bince, Rolando"]
[Black "Pang, Michael"]
[Result "0-1"]
[WhiteElo "2052"]
[BlackElo "1835"]
[PlyCount "86"]
[GameId "2160767909441582"]
[EventDate "2012.08.07"]
[EventType "swiss"]
[EventRounds "4"]
[EventCountry "CAN"]
[SourceTitle "EXT 2022"]
[Source "ChessBase"]
[SourceDate "2021.10.06"]
[SourceVersion "1"]
[SourceVersionDate "2021.10.06"]
[SourceQuality "1"]

1. c4 Nf6 2. Nc3 g6 3. e4 d6 4. d4 Bg7 5. Nf3 Nc6 6. Be2 O-O 7. O-O Ne8 8. d5 Nb8 9. Nd4 c5 10. Nc2 e5 11. f4 f5 12. fxe5 Bxe5 13. Bf4 Nd7 14. exf5 Rxf5 15. Qd2 Ng7 16. Bg4 Rxf4 17. Rxf4 Bxf4 18. Qxf4 Ne5 19. Bxc8 Rxc8 20. Rf1 Nh5 21. Qe4 Qe7 22. b3 Rf8 23. Rxf8+ Kxf8 24. Ne3 a6 25. Ne2 Qg5 26. g3 Ke7 27. Kg2 Kd7 28. h4 Qe7 29. Kh3 Nf6 30. Qg2 Nd3 31. Ng4 Nxg4 32. Kxg4 Qe3 33. Kh3 Nf2+ 34. Kh2 Qxe2 35. Kg1 Qe1+ 36. Kh2 Ng4+ 37. Kh3 h5 38. Qf3 Qf2 39. Qh1 Qxa2 40. Qg1 Nf2+ 41. Kg2 Ne4+ 42. Kf3 Nd2+ 43. Kf4 Qxb3 0-1

[Event "Winnipeg TNT August op"]
[Site "Winnipeg CAN"]
[Date "2012.08.28"]
[Round "4"]
[White "Campbell, Jamie"]
[Black "Wolchock, Theo"]
[Result "1/2-1/2"]
[WhiteElo "1589"]
[BlackElo "1708"]
[PlyCount "51"]
[GameId "2160767909441583"]
[EventDate "2012.08.07"]
[EventType "swiss"]
[EventRounds "4"]
[EventCountry "CAN"]
[SourceTitle "EXT 2022"]
[Source "ChessBase"]
[SourceDate "2021.10.06"]
[SourceVersion "1"]
[SourceVersionDate "2021.10.06"]
[SourceQuality "1"]

1. d3 g6 2. g3 Bg7 3. Bg2 Nf6 4. Nf3 O-O 5. O-O Nc6 6. c4 d6 7. Nbd2 Bg4 8. Rb1 Rb8 9. b4 Nd7 10. b5 Nce5 11. Bb2 Nxf3+ 12. Nxf3 e5 13. h3 Be6 14. Qd2 h6 15. Rfc1 Kh7 16. d4 f5 17. d5 Bg8 18. Qc2 Qe7 19. e4 f4 20. g4 Kh8 21. Nd2 Bh7 22. f3 b6 23. a4 Bf6 24. a5 Bh4 25. a6 Rbe8 26. Nf1 1/2-1/2

[Event "Winnipeg TNT August op"]
[Site "Winnipeg CAN"]
[Date "2012.08.28"]
[Round "4"]
[White "Kaptsan, Aron"]
[Black "Boron, Anthony"]
[Result "1/2-1/2"]
[WhiteElo "2050"]
[BlackElo "2039"]
[PlyCount "33"]
[GameId "2160767909441584"]
[EventDate "2012.08.07"]
[EventType "swiss"]
[EventRounds "4"]
[EventCountry "CAN"]
[SourceTitle "EXT 2022"]
[Source "ChessBase"]
[SourceDate "2021.10.06"]
[SourceVersion "1"]
[SourceVersionDate "2021.10.06"]
[SourceQuality "1"]

1. d4 Nf6 2. c4 e6 3. Nc3 Bb4 4. a3 Bxc3+ 5. bxc3 c5 6. e3 b6 7. Bd3 O-O 8. Ne2 Nc6 9. O-O Ba6 10. e4 Ne8 11. f4 f5 12. exf5 exf5 13. dxc5 bxc5 14. Ng3 g6 15. Qf3 Nf6 16. Be3 Qa5 17. h4 1/2-1/2

[Event "Winnipeg TNT August op"]
[Site "Winnipeg CAN"]
[Date "2012.08.28"]
[Round "4"]
[White "Leaden, Bruce"]
[Black "Reimer, Bruce"]
[Result "1-0"]
[WhiteElo "1535"]
[BlackElo "1593"]
[PlyCount "87"]
[GameId "2160767909441585"]
[EventDate "2012.08.07"]
[EventType "swiss"]
[EventRounds "4"]
[EventCountry "CAN"]
[SourceTitle "EXT 2022"]
[Source "ChessBase"]
[SourceDate "2021.10.06"]
[SourceVersion "1"]
[SourceVersionDate "2021.10.06"]
[SourceQuality "1"]

1. e4 Nf6 2. e5 Nd5 3. d4 d6 4. Nc3 Nxc3 5. bxc3 Nc6 6. f4 dxe5 7. fxe5 Bf5 8. Bd3 Qd7 9. Nf3 Bg4 10. O-O g6 11. Be3 Bg7 12. Qd2 O-O 13. Rab1 b6 14. Bh6 Nd8 15. Bxg7 Kxg7 16. Qg5 Bxf3 17. Rxf3 Ne6 18. Qh4 c5 19. d5 Nc7 20. c4 b5 21. Rbf1 Rae8 22. Qf2 e6 23. d6 Na6 24. cxb5 Nb4 25. Qxc5 Nd5 26. c4 Nb6 27. Qc7 Qxc7 28. dxc7 Rc8 29. c5 Nd7 30. c6 Nxe5 31. Re3 Ng4 32. Re4 Nf6 33. Ra4 Rxc7 34. Rc4 Nd5 35. Rf3 Nb6 36. Rcf4 Nd5 37. Rd4 Nc3 38. a4 Nd5 39. Bc4 Nb6 40. Bb3 Rb8 41. Rfd3 Kf6 42. a5 Nc8 43. Rd7 Rxd7 44. cxd7 1-0

[Event "Winnipeg TNT August op"]
[Site "Winnipeg CAN"]
[Date "2012.08.28"]
[Round "4"]
[White "Magnusson, Saul"]
[Black "Kernetsky, Myron"]
[Result "0-1"]
[WhiteElo "1801"]
[BlackElo "2042"]
[PlyCount "67"]
[GameId "2160767909441586"]
[EventDate "2012.08.07"]
[EventType "swiss"]
[EventRounds "4"]
[EventCountry "CAN"]
[SourceTitle "EXT 2022"]
[Source "ChessBase"]
[SourceDate "2021.10.06"]
[SourceVersion "1"]
[SourceVersionDate "2021.10.06"]
[SourceQuality "1"]

1. e4 e6 2. d4 d5 3. e5 c5 4. c3 Nc6 5. Nf3 Qb6 6. Be2 Bd7 7. Na3 cxd4 8. cxd4 Bb4+ 9. Kf1 Bf8 10. Nc2 Nge7 11. b3 Nf5 12. g4 Nfe7 13. Bb2 Ng6 14. Qd2 Nb4 15. Nce1 Be7 16. h4 h5 17. g5 Bb5 18. Ng1 Nc6 19. Bxb5 Qxb5+ 20. Ne2 Rc8 21. Rc1 Kd7 22. Nd3 Nb4 23. Rxc8 Rxc8 24. Nxb4 Bxb4 25. Qd1 Nf4 26. a3 Ba5 27. g6 Qxe2+ 28. Qxe2 Nxe2 29. Kxe2 Rc2+ 30. Kd3 Rxb2 31. b4 Bb6 32. Rg1 Ke7 33. gxf7 Kxf7 34. f4 0-1